Statistiques concernant Ville des J-O d'hiver

Cliquez ici pour prendre le quiz!

Statistiques générales

  • Ce quiz a été pris 28 fois
  • Le résultat moyen est 13 sur 27

Statistiques - réponses

AnnéeVille% Correct
2022Pekin
88%
1992Albertville
85%
2006Turin
77%
1924Chamonix
69%
1968Grenoble
65%
2002Salt Lake City
65%
2034Salt Lake City
65%
2014Sochi
65%
2010Vancouver
65%
1976Innsbruck
58%
1994Lillehammer
58%
1998Nagano
58%
1952Oslo
58%
1988Calgary
54%
2026Milan-Cortina d'Ampezzo
54%
1984Sarajevo
46%
2018PyeongChang
38%
1936Garmisch-Partenkirchen
35%
1928Saint-Moritz
35%
1948Saint-Moritz
35%
1956Cortina d'Ampezzo
31%
1980Lake Placid
31%
1932Lake Placid
31%
1972Sapporo
31%
2030Nice-Alpes françaises
15%
1960Squaw Valley
15%
1964Innsbrurk
0%

Distribution des résultats

Percentile par nombre de réponses

% des personnes avec chaque résultat

Votre développement - résultats

Vous n’avez pas pris ce quiz